| 000 | 00877nam a22002658 4500 | ||
|---|---|---|---|
| 001 | 37912 | ||
| 003 | (BD-RjUL) | ||
| 005 | 20211209052704.0 | ||
| 008 | 930609s1995 njua b 001 0 eng | ||
| 020 | _a9788120314733 | ||
| 020 | _a8120314735 | ||
| 035 | _a(BD-RjUL) | ||
| 040 |
_aDLC _c(BD-RjUL) |
||
| 082 |
_221 _a621.382 _bSID 1999 |
||
| 100 | 1 |
_aSimon, Marvin K. _9117458 |
|
| 245 | 1 | 0 |
_aDigital communication techniques : _bsignal design and detection / _cMarvin K. Simon, Sami M. Hinedi, William C. Lindsey. |
| 260 |
_aNew Delhi : _bPrentice Hall of India, _cc1995 [1999 reprint] |
||
| 300 |
_axviii, 888 p. : _bill. ; _c25 cm. |
||
| 504 | _aIncludes bibliographical references and index. | ||
| 650 | 0 |
_aDigital communications. _9117150 |
|
| 700 | 1 |
_aHinedi, Sami M. _9117459 |
|
| 700 | 1 |
_aLindsey, William C. _9117460 |
|
| 942 |
_2ddc _cBK |
||
| 999 |
_c37912 _d37912 |
||